| 000 | 00551nam a2200193 4500 | ||
|---|---|---|---|
| 999 |
_c163828 _d163828 |
||
| 005 | 20190501155003.0 | ||
| 010 | _aENG-125123 | ||
| 020 | _c350.00 | ||
| 035 | _aEN-108655 | ||
| 037 | _bDBAD/PUB | ||
| 082 | _a618.02 | ||
| 100 | _aLalana, Grace J. | ||
| 245 |
_aPregnancy, childbirth and new baby care / _cby Grace J. Lalana |
||
| 260 |
_aBanglore _bGrace Lalana Publications _c2011 |
||
| 270 |
_aPB No.-4319 _bBanglore _e560043 |
||
| 300 |
_axvi,296p. _c22cm(pbk) |
||
| 500 | _aIncludes index | ||
| 942 |
_2ddc _cEN _h618.02 _mLAL |
||